| Tag |
First Indicator |
Second Indicator |
Subfields |
| LEADER |
00000cam a2200000Ia 4500 |
| 001 |
in00004489521 |
| 005 |
20191203081719.0 |
| 008 |
000211s1999 ksuak 000 0 eng d |
| 010 |
|
|
|a 98061301
|
| 020 |
|
|
|a 0935078746
|
| 035 |
|
|
|a (OCoLC)41069809
|
| 035 |
|
|
|z (UtOrBLW)27213
|
| 035 |
|
|
|a 41267
|
| 040 |
|
|
|a MMU
|c MMU
|d UtOrBLW
|
| 049 |
|
|
|a TMVM
|c 1
|c 2
|
| 096 |
|
|
|a SF 756.47
|b O62a 1999
|
| 100 |
1 |
|
|a Opperman, Mark.
|
| 245 |
1 |
4 |
|a The art of veterinary practice management /
|c by Mark Opperman.
|
| 264 |
|
1 |
|a Lenexa, Kan. :
|b Veterinary Medicine Publishing Group,
|c 1999.
|
| 300 |
|
|
|a viii, 248 pages :
|b illustrations, forms ;
|c 24 cm.
|
| 336 |
|
|
|a text
|2 rdacontent
|b txt
|
| 337 |
|
|
|a unmediated
|2 rdamedia
|
| 338 |
|
|
|a volume
|2 rdacarrier
|b nc
|
| 505 |
0 |
|
|a How do clients perceive your practice? -- Enhance practice value with client-pleasing amenities -- Effective communication -- Educate clients with marketing -- Benefits of taking a full-service approach -- Hiring a team of "10s" -- Training for excellence -- Build a team that can go the distance -- Employee evaluations : feedback to grow on -- Motivating your healthcare team -- Delegation : your key to success -- When an employee doesn't meet expectations -- Role of a practice manager -- Building successful associate relationships -- Establishing fair and profitable fees -- Internal controls : do you throw away profit? -- Stabilize your bottom line by controlling inventory -- Accounts receivable 101 -- Doctor compensation in a partnership or corporation -- Protect yourself from embezzlement -- Develop a hospital business team -- Create a "10" practice and enjoy life.
|
| 520 |
8 |
|
|a Veterinarian and Client
|
| 650 |
|
2 |
|a Veterinary Medicine
|x economics.
|
| 650 |
|
2 |
|a Practice Management.
|
| 999 |
|
|
|a MARS
|
| 999 |
f |
f |
|s fad40e94-f325-3ad5-babd-7c7fd3853a87
|i 454bebb5-bd6c-3f47-aaf8-398781f6fe52
|t 0
|
| 952 |
f |
f |
|p preservation
|a Texas A&M University
|b J.J. Pickle Campus
|c High Density Repository
|d Remote Storage
|t 0
|e SF 756.47 O62a 1999
|h National Library of Medicine classification
|i unmediated -- volume
|m 323890232689C
|
| 998 |
f |
f |
|a SF 756.47 O62a 1999
|t 0
|l Remote Storage
|